000 00275nam a22001217a 4500
008 180122b xxu||||| |||| 00| 0 eng d
041 _aeng
080 _26 ED
_a34
100 _a14
101 _aJUR
245 _aCONTRACTS CASES AND MATERIALS
_cCAROL.S
942 _2udc
_cBK
999 _c40632
_d40632